000 00506nam a2200169Ia 4500
008 090201s9999 xx 000 0 und d
010 _aKPL-20366
040 _bमराठी
041 _aमराठी
082 _a22842
_b20366
100 _aअनिल फळणीकर
245 _aप्रेमिक
_cअनिल फळणीकर
260 _c2004
_bप्रिया प्रकाशन
300 _a188
_bलहान
600 _aप्रेमिक
942 _cBOOK
999 _c222356
_d222356